000 00907nam a22002177a 4500
005 20240401161701.0
010 _aHIN-127179
020 _a9789355434173
_c450.00
035 _aHN-99525
037 _bDBAD/PUB.
082 _a158.1
100 _aशुनम्यो मसुनो
_964106
245 _aचिंता छोड़े;शांति प्राप्त करने के 48 सबक/
_cशुनम्यो मसुनो;रचना भोला द्वारा अनुवादित
250 _a1
260 _aBhopal
_bManjul publishing house
_c2022
270 _a2nd floor usha preet complex 42 malviya nagar
_bBhopal
_e462003
300 _a200पृ;
_c19 सेमी (सजिल्द)
700 _963915
710 _aरचना भोला [अनुवादक]
_964107
942 _adpl
_cHN
_2ddc
_h158.1
_mशुनम्यो
999 _c201857
_d201857